| 000 | 00491nam a2200193Ia 4500 | ||
|---|---|---|---|
| 005 | 20140402155432.0 | ||
| 008 | 140130s9999 xx 000 0 und d | ||
| 020 | _a0590423703 | ||
| 050 |
_aPZ 7 _b.N736 1990 |
||
| 100 |
_aNixon, Joan Lowery _95146 |
||
| 245 |
_cJoan Lowery Nixon. _aThe house on hackman's hill / |
||
| 260 |
_bScholastic, _c1990. _aUSA : |
||
| 300 |
_a126 p. : _c19 cm. |
||
| 440 |
_v1 _931174 |
||
| 521 | _aG5 | ||
| 526 | _c780 | ||
| 942 |
_cBK _2lcc |
||
| 999 |
_c41128 _d41128 |
||